zpět

Detail výsledku týmu

Adélka, Pustiměř

Datum a čas kvízu

35 Celkem bodů Celkový počet nahraných bodů na tomto kvízu bez doplňovacích otázek.
4. Pořadí na kvízu Konečné umístění týmu na tomto kvízu.

Zaznamenané odpovědi

# Otázka Odpověď Body Výsledky
1. Letitá ikonická story o „bábě... Plzeň 1
2. Slovenská vláda schválila plán... medvěd 1
3. Jak se jmenuje seriál, do něho... Harry Potter, HBO (Max) 0.5
4. Jak se jmenuje horská chata le... Luční bouda 0
5. Dvojnásobná grandslamová šampi... Jiří Novák 0
6. Milovníci komiksů se každoročn... Comic-Con 1
7. Hlavní postavy ze seriálu Teor... Stuart 1
8. Jedním z nejoblíbenějších komi... 1B 2A 3C 4D 1
9. Jak se jmenuje muž, který nakr... Kája (Karel) Saudek 1
10. V současné době vychází v komi... Karel Čapek, R.U.R. 1